LEADER 02005nam 2200385Ia 450 001 996393443203316 005 20210104163642.0 035 $a(CKB)3360000000358431 035 $a(EEBO)2248534195 035 $a(OCoLC)ocn226857738e 035 $a(OCoLC)226857738 035 $a(EXLCZ)993360000000358431 100 $a20080501d1631 uy 0 101 0 $aeng 135 $aurbn||||a|bb| 200 10$aEnchiridion arithmeticon, or A manuel of millions$b[electronic resource] $econtaining therein mens accompts ready computed, or made vp. : Whereby they may suddenly know the true value of any commodity, at any price whatsoever. And how to resolve many millions of questions, either in reduction, or the golden-rule, without any use of multiplication or division. In so plain a maner that an ordinary capacity may perceive, and after such an infallible way, as no doubt can (justly) be made thereof. For ease and expedition the like hath not bin published 210 $aLondon $cPrinted by M. Flesher, and are to be sold in Southwark, within the closse, neare St Mary Overies Church, at the House of Richard Hodges a School-master, the authour thereof$d1631 215 $a[6+] p 300 $aAll copies listed in STC have had the date in the imprint altered. This copy has the last digit altered by pen to "4"--Cf. STC (2nd ed.). 300 $aFormerly also STC 13549. 300 $aFragment: t.p. and first five pages only. 300 $aReproduction of original in: British Library. 330 $aeebo-0018 606 $aMoney$xTables$vEarly works to 1800 606 $aWeights and measures$xTables$vEarly works to 1800 608 $aTitle pages$zEngland$zLondon$y17th century. 615 0$aMoney$xTables 615 0$aWeights and measures$xTables 700 $aHodges$b Richard$cSchool-Master.$0126611 801 0$bUMI 801 1$bUMI 906 $aBOOK 912 $a996393443203316 996 $aEnchiridion arithmeticon, or A manuel of millions$92371186 997 $aUNISA LEADER 02595oam 22006254a 450 001 9910793805003321 005 20230822232156.0 010 $a1-5261-4225-2 010 $a1-5261-5209-6 010 $a1-5261-4224-4 035 $a(CKB)4100000010118344 035 $a(OCoLC)1137317173 035 $a(MdBmJHUP)muse82603 035 $a(MiAaPQ)EBC6026431 035 $a(DE-B1597)660502 035 $a(DE-B1597)9781526142245 035 $a(EXLCZ)994100000010118344 100 $a20200123h20202020 uy 0 101 0 $aeng 135 $aur|||||||nn|n 181 $ctxt$2rdacontent 182 $cc$2rdamedia 183 $acr$2rdacarrier 200 10$aMary and Philip $ethe marriage of Tudor England and Habsburg Spain /$fAlexander Samson 210 1$aManchester :$cManchester University Press,$d[2020] 210 4$d©2020 215 $a1 online resource (1 online resource :)$cmaps 225 0 $aStudies in early modern European history 311 1 $a1-5261-4223-6 320 $aIncludes bibliographical references and index. 327 $aList of plates List of abbreviations Introduction 1 Prenuptial 2 Contracting matrimony 3 Wyatt and the queen's regal power 4 A marriage made in Heaven? 5 Royal entry: London, 18 August 1554 6 Anti-Spanish sentiment in early modern England 7 Spanish Tudor / English Habsburg Conclusion Bibliography Index -- . 330 $aThis book presents a new interpretation of the co-monarchy of Mary I and Philip II. It reclaims Mary as a great Catholic queen and fleshes out Philip's contributions as king, exposing the sectarian historiography that has cast their reign in a negative light. An important corrective for the history of Tudor England and Habsburg Spain. 410 0$aStudies in early modern European history. 606 $aHISTORY / Europe / Great Britain / Tudor & Elizabethan Era (1485-1603)$2bisacsh 607 $aSpain$xHistory$yPhilip II, 1556-1598 607 $aGreat Britain$xHistory$yMary I, 1553-1558 610 $aAnti-Catholic. 610 $aCo-monarchy. 610 $aEarly Modern England. 610 $aEarly Modern Spain. 610 $aGynophobia. 610 $aHabsburg. 610 $aHistoriography. 610 $aMary I. 610 $aPhilip II. 610 $aTudor. 615 7$aHISTORY / Europe / Great Britain / Tudor & Elizabethan Era (1485-1603). 676 $a942.054092 700 $aSamson$b Alexander$0329428 801 0$bMdBmJHUP 801 1$bMdBmJHUP 906 $aBOOK 912 $a9910793805003321 996 $aMary and Philip$93718750 997 $aUNINA